Geology for Engineers Environmental Scientists - 3rd edi (Record no. 535230)
[ view plain ]
| 000 -LEADER | |
|---|---|
| fixed length control field | 00405nam a22001457a 4500 |
| 020 ## - INTERNATIONAL STANDARD BOOK NUMBER | |
| International Standard Book Number | 978-0131457300 |
| 040 ## - CATALOGING SOURCE | |
| Transcribing agency | MSOHAIL |
| 082 ## - DEWEY DECIMAL CLASSIFICATION NUMBER | |
| Classification number | 550 |
| Author Mark | KEH |
| 100 ## - MAIN ENTRY--PERSONAL NAME | |
| Personal name | Alan E. Kehew |
| 9 (RLIN) | 29679 |
| 245 ## - TITLE STATEMENT | |
| Title | Geology for Engineers Environmental Scientists - 3rd edi |
| 250 ## - EDITION STATEMENT | |
| Edition statement | 3rd |
| 260 ## - PUBLICATION, DISTRIBUTION, ETC. | |
| Place of publication, distribution, etc. | Pearson; |
| Name of publisher, distributor, etc. | India |
| Date of publication, distribution, etc. | c2017 |
| 300 ## - PHYSICAL DESCRIPTION | |
| Extent | 720;pxv |
| Other physical details | 3.11 pounds |
| Dimensions | 8.23 x 1.46 x 9.88 inche |
| Accompanying material | P.B. |
| 942 ## - ADDED ENTRY ELEMENTS (KOHA) | |
| Source of classification or shelving scheme | |
| Koha item type | Book |
| Edition | 3rd |
| Withdrawn status | Lost status | Source of classification or shelving scheme | Damaged status | Not for loan | Permanent Location | Current Location | Date acquired | Total Checkouts | Full call number | Barcode | Date last seen | Price effective from | Koha item type |
|---|---|---|---|---|---|---|---|---|---|---|---|---|---|
| School of Civil and Environmental Engineering (SCEE) | School of Civil and Environmental Engineering (SCEE) | 09/01/2020 | 550 KEH | NIT-13141 | 09/01/2020 | 09/01/2020 | Book |
